000 00382nam a2200133Ia 4500
008 211122s9999||||xx |||||||||||||| ||und||
082 _a920
_bNAR-K
100 _aNarayanan, Kalpatta
245 0 _aKonthala
260 _bMathrubhumi Books
_aKozhikode
630 _xGeneral Stack
650 _aHISTORY AND GEOGRAPHY
_vBIOGRAPHY,GENEALOGY AND INSIGNIAEnviron. Science
942 _cBOOK
999 _c125237
_d125237